[Event "GER T236-B06-S email"]
[Site "GER email"]
[Date "2016.03.01"]
[Round "?"]
[White "Bachmann, Wolfgang"]
[Black "Hebel, Erich"]
[Result "1/2-1/2"]
[WhiteElo "2130"]
[BlackElo "2021"]
[PlyCount "57"]
[EventDate "2016.03.06"]
[EventType "tourn (corr)"]
[EventRounds "8"]
[EventCountry "GER"]
[SourceTitle "Corr 2020"]
[Source "ChessBase"]
[SourceDate "2019.09.30"]
[SourceVersion "1"]
[SourceVersionDate "2019.09.30"]
[SourceQuality "1"]

1. e4 g6 2. d4 Bg7 3. c3 d6 4. Bg5 Nf6 5. Nd2 0-0 6. Ngf3 Nbd7 7. Bd3 h6 8. Bh4 Nh5 9. 0-0 Nf4 10. Bc2 c5 11. Nc4 cxd4 12. Nxd4 Ne5 13. Ne3 g5 14. Bg3 e6 15. a4 b6 16. Qd2 Qf6 17. Rfd1 h5 18. h3 Rd8 19. Kh1 a6 20. f3 Bb7 21. Ra3 h4 22. Bh2 d5 23. Rb3 dxe4 24. Rxb6 exf3 25. Rxb7 fxg2+ 26. Nxg2 Nxh3 27. Bxe5 Nf2+ 28. Kg1 Nh3+ 29. Kh1 1/2-1/2